Complete book of sewing techniques
| Main Author: | |
|---|---|
| Format: | Book |
| Published: |
London :
Lorenz Books ,
2005
|
| Subjects: |
MARC
| LEADER | 00000cam a2200000 7i4500 | ||
|---|---|---|---|
| 001 | 0000016495 | ||
| 005 | 20080505.0 | ||
| 008 | 080425 | ||
| 020 | |a 0754815595 | ||
| 090 | 0 | 0 | |a 646.2 |b WOO |
| 100 | 1 | |a Wood, Dorothy | |
| 245 | 1 | 0 | |a Complete book of sewing techniques |c Dorothy Wood |
| 260 | |a London : |b Lorenz Books , |c 2005 | ||
| 650 | 0 | |a Sewing | |
| 999 | |a 0001013997 |b Book |c Adult Collection |e Perbadanan Perpustakaan Awam Johor | ||
| 999 | |a 0001053128 |b Book |c Adult Collection |e Cawangan Taman Sri Lambak | ||